Flaggen nach KI - Mittel - Statistiken

Allgemein
  • Dieses Quiz wurde 72 mal gespielt
    64 seit der letzten Aktualisierung
  • Das Durchschnittsergebnis liegt bei 14 aus 16
Antwortstatistiken
Bildquiz Antwort % Korrekt
Portugal
97%
Kroatien
95%
Chile
93%
Iran
93%
Rumänien
90%
Serbien
90%
Slowakei
90%
Thailand
88%
Tunesien
88%
Ecuador
84%
Kasachstan
84%
Kuba
83%
Aserbaidschan
79%
Katar
79%
Malaysia
78%
Vereinigte Arabische Emirate
71%
Keine übereinstimmenden Quizze gefunden
Verteilung der Resultate
Anzahl Personen mit jedem Resultat
Perzentil nach korrekt beantworteten Fragen
Ihre Resultats-Entwicklung
Sie haben dieses Quiz seit der letzten Aktualisierung nicht gespielt